| 000 | 01519nam0a2200361 4500 | ||
|---|---|---|---|
| 001 | RU\NLR\bibl\1452377 | ||
| 005 | 20250615232253.0 | ||
| 010 |
_a978-5-9524-3876-7 _93000 |
||
| 021 |
_aRU _b2009-83815 _95265 |
||
| 035 | _a(nilc)DITM\BIBL\0000004487 | ||
| 035 | _a(NLR Aleph) 001444187 | ||
| 090 |
_a1482021 _c1482021 |
||
| 100 | _a20100128d2009 |||y0rusy50 ca | ||
| 101 | 1 |
_arus _ceng |
|
| 102 | _aRU | ||
| 105 | _aa ||||||||| | ||
| 200 | 1 |
_aЗавоевание империи инков _eпроклятие исчезнувшей цивилизации _fДжон Хемминг _g[пер. с англ. Л.А. Карповой] |
|
| 210 |
_aМосква _cЦентрполиграф _d2009 |
||
| 215 |
_a557, [1] с., [12] л. ил., портр. _cил., карт., ген. схем. _d21 |
||
| 225 | 1 | _aЗагадки и тайны всемирной истории | |
| 300 | _aЗагл. и авт. ориг.: The conquest of the incas / John Hemming | ||
| 454 | 0 |
_12001#$aThe conquest of the incas$fJohn Hemming _1700#1$aHemming$bJ.$gJohn$4070 _tThe conquest of the incas _aHemming, John |
|
| 606 | 1 |
_aИнки _xИстория _91848619 _3RU\NLR\auth\66837490 |
|
| 686 |
_a63.3(7)2 _vLBC/PL _2rubbk |
||
| 686 | _aТ3(7)212 | ||
| 686 | _aТ3(79=Ин) | ||
| 700 | 1 |
_aХемминг _bД. _gДжон _4070 |
|
| 801 | 0 |
_aRU _bЦУНБ Москва _c20100128 _grcr |
|
| 801 | 1 |
_aRU _bЦУНБ Москва _c20100128 _2rusmarc |
|
| 801 | 2 |
_aRU _bNLR _c20091215 _grcr |
|
| 942 | _cBOOK | ||
| 980 | _aNB | ||